000
00335 a2200157 4500
001
170003
020
_a
0-435-27337-X
040
_c
Magnum
100
_a
Bell, Florence
240
1
0
_a
The mill on the floss
_l
ING
245
1
0
_a
The mill on the floss
300
_a
63
362
0
_a
1997
697
_a
LITERATURA INGLESA
942
_c
BK
999
_c
170003
_d
170003